Normal view MARC view
  • Dan E. Dudgeon

Entry Corporate Name

Number of records used in: 1

001 - CONTROL NUMBER

  • control field: 122971

003 - CONTROL NUMBER IDENTIFIER

  • control field: NUST

005 - DATE AND TIME OF LATEST TRANSACTION

  • control field: 20240527162007.0

008 - FIXED-LENGTH DATA ELEMENTS

  • fixed length control field: 240527|| aca||aabn | a|a d

040 ## - CATALOGING SOURCE

  • Original cataloging agency: NUST
  • Transcribing agency: NUST

110 ## - HEADING--CORPORATE NAME

  • Corporate name or jurisdiction name as entry element: Dan E. Dudgeon

670 ## - SOURCE DATA FOUND

  • Source citation: Work cat.: (NUST)609325: Don H. Johnson 122970, Array Signal Processing, 1993.
© 2023 Central Library, National University of Sciences and Technology. All Rights Reserved.